Central Library OPAC University of Rajshahi

Index to fifty years of Poetry, a magazine of verse, volumes 1-100, 1912-1962 / (Record no. 80465)

MARC details
000 -LEADER
fixed length control field 00726nam a2200229 a 4500
001 - CONTROL NUMBER
control field 80465
003 - CONTROL NUMBER IDENTIFIER
rucl marc code BD-RjUL
005 - DATE AND TIME OF LATEST TRANSACTION
control field 20220929125703.0
008 - FIXED-LENGTH DATA ELEMENTS--GENERAL INFORMATION
fixed length control field 220929s1963 nyu 00000 eng d
035 ## - SYSTEM CONTROL NUMBER
System control number (BD-RjUL)80465)
040 ## - CATALOGING SOURCE
Original cataloging agency ANL
Language of cataloging eng
Modifying agency ANL
Transcribing agency BD-RjUL
041 ## - LANGUAGE CODE
Language code of text/sound track or separate title eng
082 0# - DEWEY DECIMAL CLASSIFICATION NUMBER
Edition number 23
Classification number 016.811
Author mark and year IND 1963
245 10 - TITLE STATEMENT
Title Index to fifty years of Poetry, a magazine of verse, volumes 1-100, 1912-1962 /
Statement of responsibility, etc. Elizabeth Wright.
260 ## - PUBLICATION, DISTRIBUTION, ETC. (IMPRINT)
Place of publication, distribution, etc. New York :
Name of publisher, distributor, etc. AMS Reprint Co.,
Date of publication, distribution, etc. 1963.
300 ## - PHYSICAL DESCRIPTION
Pagination 392 p.;
Size 21 cm.
650 #0 - SUBJECT ADDED ENTRY--TOPICAL TERM
Topical term or geographic name as entry element Poetry
General subdivision Indexes.
9 (RLIN) 5070
Topical term or geographic name as entry element American poetry
General subdivision Indexes.
9 (RLIN) 5071
Topical term or geographic name as entry element American literature
Chronological subdivision 20th century
General subdivision Bibliography.
9 (RLIN) 5072
700 ## - ADDED ENTRY--PERSONAL NAME
Personal name Wright, Elizabeth.
942 ## - ADDED ENTRY ELEMENTS (KOHA)
Source of classification or shelving scheme Dewey Decimal Classification
Koha item type Books
Holdings
Lost status Source of classification or shelving scheme Damaged status Not for loan Collection code Permanent Location Current Location Shelving location Date acquired Total Checkouts Full call number Date last seen Copy number Koha item type
  Dewey Decimal Classification   Not For Loan Non-fiction Central Library, University of Rajshahi Central Library, University of Rajshahi Reading Room 26/04/1978   016.811 IND 1963 29/09/2022 C-1 Books